000 00824cam a2200241 i 4500
005 20260427103845.0
008 250721s2006 jo gr 000 0 eng d
020 _a9947006719
041 _aeng
_afre
082 1 4 _a443.21
_bن ج ا
100 1 _aالنجار, حسين رضوان محمد
_eمعد.
245 1 0 _aمعجم الأفعال :
_bفرنسي إنجليزي /
_cإعداد حسين رضوان محمد النجار.
246 1 1 _aDICTIONARY OF THE VERBS FRENCH - ENGLISH
246 1 1 _aDICITONNAIRE DU VERBES FRANCAIS-ANGLAIS
250 _aالطبعة الأولى.
264 3 1 _aإربد :
_bالنجار,
_c2006.
300 _a100 صفحة.
650 1 7 _aقاموس متعدد.
650 1 7 _aأفعال.
650 1 7 _aمصطلحات.
942 _2ddc
_cBK
999 _c100507
_d100507